Administracin̤ de personal Un enfoque hacia la calidad

Bibliographic Details
Main Author: Castillo Aponte, Jos ̌
Format: eBook
Language:Spanish
Published: Bogot ̀: ECOE, 2006
Subjects:
Online Access:http://www.vlex.com/source/6854

MARC

LEADER 00000nam a22000007a 4500
005 20130125134540.0
007 cr|||| ||||
008 130125e2006 ck |||||s|||| 00||0 spa d
020 |a 9586484467 
035 |a 6854 
040 |a vLex 
090 |c 3614  |d 3614 
100 1 0 |a Castillo Aponte, Jos ̌ 
245 1 0 |a Administracin̤ de personal  |b Un enfoque hacia la calidad  |h [Recurso electrn̤ico] 
256 |a Servicio en ln̕ea 
260 |a Bogot ̀:  |b ECOE,   |c 2006  
300 |a 1 Recurso electrn̤ico 
650 0 4 |a Calidad total 
650 0 4 |2 Personal 
740 |a vLex Libros (Servicio en ln̕ea) 
856 |a Acceso restringido  |u http://www.vlex.com/source/6854 
942 |c BOOK 
999 0 |a Total quality management